De la autoestima al egoismo miedos culpa.

Saved in:
Bibliografiske detaljer
Hovedforfatter: Bucay, Jorge
Format: Bog
Sprog:spansk
Udgivet: Buenos Aires, Argentina Nuevo Extremo 1999
Fag:
Tags: Tilføj Tag
Ingen Tags, Vær først til at tagge denne postø!

MARC

LEADER 00000cam a2200000 a 4500
001 UCC6974
003 CL-VaPUC
005 20240821103031.0
008 190125e19990000ag |||||||||||||||||spa|d
999 |c 373788  |d 373786 
020 |a 9509681806 
040 |c Pontificia Universidad Católica de Valparaíso 
082 0 4 |a 155.2 BUC 1999  |2 21 
100 0 |a Bucay, Jorge  |9 601500 
245 1 0 |a De la autoestima al egoismo miedos culpa. 
260 0 3 |a Buenos Aires, Argentina  |b Nuevo Extremo  |c 1999 
300 |a 219 páginas 
583 |a last modification  |c 20190125 15:54:00  |k Rodrigo Vera 
650 0 |a Autoestima  |9 308492 
650 0 |a Psicología individual  |9 309049 
650 0 |a Personalidad   |9 307255 
650 0 |a Autocontrol   |9 395908 
942 |c BK  |2 ddc 
945 |d 20190125 15:54:00  |a dcastane 
952 |0 0  |1 0  |2 ddc  |3 erb  |4 0  |6 155_200000000000000_BUC_1999  |7 0  |8 C  |9 492017  |a BIBCUR  |b BIBCUR  |i 5531543  |l 2  |o 155.2 BUC 1999  |p 5531543  |r 2025-04-22  |s 2023-03-20  |t 1  |w 2019-11-24  |y BK  |z Catalogado en:20190125  |k CAC